A concise Chinese-English picture dictionary. (Record no. 112323)
[ view plain ]
| 000 -LEADER | |
|---|---|
| fixed length control field | 00448nam a2200157 a 4500 |
| 001 - CONTROL NUMBER | |
| control field | 1113 |
| 005 - DATE AND TIME OF LATEST TRANSACTION | |
| control field | 20140414131933.0 |
| 008 - FIXED-LENGTH DATA ELEMENTS--GENERAL INFORMATION | |
| fixed length control field | 041020s19uu xx 00 eng d |
| 020 ## - INTERNATIONAL STANDARD BOOK NUMBER | |
| International Standard Book Number | 971-103-415-8 |
| 050 ## - LIBRARY OF CONGRESS CALL NUMBER | |
| Classification number | REF 495.103 |
| Item number | C74 1986 |
| 245 ## - TITLE STATEMENT | |
| Title | A concise Chinese-English picture dictionary. |
| 260 ## - PUBLICATION, DISTRIBUTION, ETC. (IMPRINT) | |
| Place of publication, distribution, etc | Sampaloc, Manila : |
| Name of publisher, distributor, etc | Merriam & Webster, |
| Date of publication, distribution, etc | 1986. |
| 300 ## - PHYSICAL DESCRIPTION | |
| Extent | 189 p. ; cm. |
| 650 ## - SUBJECT ADDED ENTRY--TOPICAL TERM | |
| Topical term or geographic name as entry element | Chinese |
| General subdivision | English |
| -- | Dictionaries. |
| Withdrawn status | Lost status | Damaged status | Use restrictions | Home library | Current library | Shelving location | Date acquired | Source of acquisition | Total Checkouts | Full call number | Barcode | Date last seen | Price effective from | Koha item type |
|---|---|---|---|---|---|---|---|---|---|---|---|---|---|---|
| Munich Library | Munich Library | Reference Section | 10/20/2004 | REF 495.103 C74 1986 | M3584 | 04/14/2014 | 04/14/2014 | Books |